[Event "CHN League Women 2019"]
[Site "Daqing CHN"]
[Date "2019.06.20"]
[Round "2.1"]
[Board "3"]
[White "Dai, Jiaying"]
[Black "Li, Zimeng"]
[Result "0-1"]
[WhiteElo "1599"]
[BlackElo "1572"]
[WhiteTeam "Shanghai"]
[BlackTeam "Hebei"]
[WhiteFideId "8626081"]
[BlackFideId "8624500"]
[EventDate "2019.06.19"]
[EventType "team"]

1. e4 e6 2. d4 d5 3. exd5 exd5 4. Nf3 Nf6 5. Bd3 Bd6 6. O-O O-O 7. h3 Be6 8. Nc3
c6 9. Ne5 Nbd7 10. f4 Qb6 11. Kh1 c5 12. Be3 c4 13. Be2 Qxb2 14. Qd2 Bf5 15.
Nxd7 Bxd7 16. Rab1 Qa3 17. Rxb7 Bb4 18. Rxb4 Qxb4 19. g4 Bc6 20. f5 Rfe8 21. Bf3
Qa3 22. g5 Ne4 23. Bxe4 dxe4 24. g6 hxg6 25. d5 Bd7 26. fxg6 fxg6 27. Rg1 Qd6
28. Ne2 Re5 29. Nf4 g5 30. Qc3 Rae8 31. Nh5 Qh6 32. Bd4 R5e7 33. d6 Rf7 34. Nxg7
Rxg7 35. Bxg7 Qxg7 36. Qxc4+ Kh8 37. Qd5 Qe5 38. Qf7 Qf5 39. Qh5+ Qh7 40. Rxg5
Qxh5 41. Rxh5+ Kg7 42. Kg2 Kg6 43. Rh4 Rf8 44. Kg1 Bf5 45. c4 Rc8 46. Kf2 Kg5
47. d7 Rd8 48. Kg3 Rxd7 49. Rh8 Rc7 50. h4+ Kf6 51. Ra8 Ke5 52. h5 Kd4 53. Kf4
Bh7 54. Rd8+ Kxc4 55. Rd1 Re7 56. Rc1+ Kd3 57. Rb1 e3 58. Rb3+ Kd2 59. Rb2+ Kd1
60. Rh2 e2 61. Rxe2 Rxe2 62. Kg5 Rxa2 63. Kh6 Bc2 64. Kg7 a5 65. h6 Rb2 66. h7
Bxh7 67. Kxh7 a4 68. Kg6 a3 69. Kf5 a2 70. Kf4 a1=Q 71. Ke5 Qa4 72. Kd5 Rb5+ 73.
Kd6 Qa6+ 74. Ke7 Rb7+ 75. Kd8 Qa8# 0-1

[Event "CHN League Women 2019"]
[Site "Daqing CHN"]
[Date "2019.06.20"]
[Round "2.2"]
[Board "1"]
[White "Zhou, Guijue"]
[Black "Shen, Yang"]
[Result "1/2-1/2"]
[WhiteTitle "WIM"]
[BlackTitle "IM"]
[WhiteElo "2171"]
[BlackElo "2419"]
[WhiteTeam "Hunan"]
[BlackTeam "Jiangsu"]
[WhiteFideId "8602905"]
[BlackFideId "8603162"]
[EventDate "2019.06.19"]
[EventType "team"]

1. e4 e5 2. Nf3 Nc6 3. d4 exd4 4. Nxd4 Qf6 5. Nb5 Bb4+ 6. N1c3 Ba5 7. Bd2 Bb6 8.
Be3 Nce7 9. Qd2 a6 10. Nd6+ cxd6 11. Bxb6 Qg6 12. Bc7 d5 13. exd5 d6 14. O-O-O
Bf5 15. f3 Rc8 16. Bb6 h5 17. Bd3 Bxd3 18. Qxd3 Qxd3 19. Rxd3 Nf6 20. Bd4 Rh6
21. Be3 Rg6 22. g3 b5 23. a3 Kd7 24. Bf4 Rc4 25. b3 Rc8 26. Kb2 h4 27. g4 Rxc3
28. Rxc3 Nfxd5 29. Bd2 Nxc3 30. Bxc3 h3 31. Rg1 f5 32. g5 Nd5 33. Rg3 Ke6 34.
Rxh3 Rxg5 35. Rg3 Rxg3 36. hxg3 g5 37. Bd2 g4 38. fxg4 fxg4 39. c4 bxc4 40. bxc4
Nf6 41. Kc2 Ne4 42. Bf4 d5 43. cxd5+ Kxd5 44. Kb3 Nc5+ 45. Kc3 Ne6 46. Bb8 Nd4
47. Kd3 a5 48. Bf4 a4 49. Bd2 Nf5 1/2-1/2

[Event "CHN League Women 2019"]
[Site "Daqing CHN"]
[Date "2019.06.20"]
[Round "2.2"]
[Board "2"]
[White "Guo, Qi"]
[Black "Yu, Moqi"]
[Result "1-0"]
[WhiteTitle "IM"]
[WhiteElo "2367"]
[BlackElo "2078"]
[WhiteTeam "Jiangsu"]
[BlackTeam "Hunan"]
[WhiteFideId "8604002"]
[BlackFideId "8604533"]
[EventDate "2019.06.19"]
[EventType "team"]

1. d4 Nf6 2. c4 e6 3. Nf3 Be7 4. Nc3 d5 5. Bf4 c6 6. e3 O-O 7. h3 a6 8. c5 b5 9.
Bd3 Nbd7 10. b4 h6 11. a4 Bb7 12. O-O Nh5 13. Bh2 f5 14. Nd2 Nhf6 15. Nb3 g5 16.
f3 h5 17. Qe2 h4 18. e4 dxe4 19. fxe4 f4 20. e5 Nd5 21. Nxd5 cxd5 22. Qg4 Rf7
23. Na5 Qc7 24. axb5 axb5 25. Rxf4 Nxc5 26. Rxf7 1-0

[Event "CHN League Women 2019"]
[Site "Daqing CHN"]
[Date "2019.06.20"]
[Round "2.3"]
[Board "1"]
[White "Liu, Manli"]
[Black "Song, Yuxin"]
[Result "1-0"]
[BlackTitle "WIM"]
[WhiteElo "2159"]
[BlackElo "2308"]
[WhiteTeam "Guangdong"]
[BlackTeam "Beijing"]
[WhiteFideId "8608121"]
[BlackFideId "8614300"]
[EventDate "2019.06.19"]
[EventType "team"]

1. e4 c5 2. Nf3 d6 3. d4 cxd4 4. Nxd4 Nf6 5. Nc3 a6 6. Be2 e5 7. Nb3 Be7 8. Bg5
O-O 9. Bxf6 Bxf6 10. Nd5 Bg5 11. O-O Nc6 12. Qd3 f5 13. Bf3 g6 14. c3 Be6 15.
Nd2 Ne7 16. Nxe7+ Qxe7 17. Rfe1 Rad8 18. Nf1 Qc7 19. exf5 gxf5 20. Bd5 Qf7 21.
Rad1 Bxd5 22. Qxd5 Qxd5 23. Rxd5 Kf7 24. f3 Ke6 25. Red1 Rf7 26. Kf2 Rc7 27. Ne3
h5 28. g3 f4 29. Ng2 Rf7 30. Ke2 b5 31. Ne1 Be7 32. gxf4 Rxf4 33. Ng2 Ra4 34. a3
Rg8 35. Kf2 h4 36. R5d3 h3 37. Ne3 Rf4 38. Ke2 Bf8 39. Rf1 Rf7 40. Rdd1 Bh6 41.
Rg1 Rfg7 42. Rxg7 Rxg7 43. b3 Bxe3 44. Kxe3 Rg2 45. Rd2 Rg1 46. Kf2 Rg2+ 47. Ke3
Rg1 48. Kf2 Rb1 49. b4 Rb3 50. Rc2 Kd5 51. Rd2+ Ke6 52. Rc2 Rxa3 53. Kg3 Kd5 54.
Rd2+ Ke6 55. Rc2 Kf5 56. Rd2 Rxc3 57. Rxd6 e4 58. Kxh3 Rxf3+ 59. Kg2 Ra3 60. h4
Kg4 61. Kf2 e3+ 62. Ke2 Kf4 63. Rd4+ Ke5 64. Rg4 Kf5 65. Rd4 Rb3 66. h5 Kg5 67.
Rd5+ Kf4 68. Rd4+ Ke5 69. Rh4 Rb2+ 70. Kxe3 Rb3+ 71. Kd2 Rb2+ 72. Kc3 Rg2 73. h6
Rg3+ 74. Kd2 Rg2+ 75. Ke3 Rg3+ 76. Kf2 Rg8 77. h7 Rh8 78. Ke3 Kd5 79. Kd3 Kc6
80. Kd4 Kb6 81. Rh6+ Kb7 82. Ke5 a5 83. bxa5 b4 84. Kd4 Ka7 85. Kc4 Rc8+ 86.
Kxb4 Rb8+ 87. Kc5 Rc8+ 88. Kd5 Rh8 89. Ke5 Kb7 90. Kf6 Ka7 91. Kg7 Rc8 92. h8=Q
Rc7+ 93. Kf6 Rc6+ 94. Ke5 Rc5+ 95. Kd4 Rxa5 96. Qg7+ 1-0

[Event "CHN League Women 2019"]
[Site "Daqing CHN"]
[Date "2019.06.20"]
[Round "2.3"]
[Board "2"]
[White "Wang, Yu A."]
[Black "Du, Yuxin"]
[Result "1/2-1/2"]
[WhiteTitle "IM"]
[WhiteElo "2280"]
[BlackElo "1973"]
[WhiteTeam "Beijing"]
[BlackTeam "Guangdong"]
[WhiteFideId "8601097"]
[BlackFideId "8610282"]
[EventDate "2019.06.19"]
[EventType "team"]

1. e4 c6 2. d4 d5 3. exd5 cxd5 4. Nf3 Nc6 5. Bb5 Bg4 6. h3 Bxf3 7. Qxf3 e6 8.
O-O Nf6 9. c4 Be7 10. Nc3 O-O 11. Bxc6 bxc6 12. c5 Nd7 13. Bf4 Bf6 14. Rad1 e5
15. dxe5 Nxe5 16. Qg3 Ng6 17. Bd6 Be7 18. b4 Bxd6 19. cxd6 f5 20. b5 f4 21. Qd3
Qxd6 22. bxc6 Qxc6 23. Qxd5+ Qxd5 24. Nxd5 Rab8 25. Rfe1 Rb2 26. Ne7+ Kh8 27.
Nxg6+ hxg6 28. Rd7 f3 29. Rxa7 fxg2 30. Kxg2 Rfxf2+ 31. Kg3 Rg2+ 32. Kf3 Rbf2+
33. Ke3 Rxa2 34. Rxa2 Rxa2 35. Kf3 Kh7 36. Re5 Kh6 37. Rb5 g5 38. Kg3 Kh5 39.
Rc5 Ra3+ 40. Kg2 Ra2+ 1/2-1/2

[Event "CHN League Women 2019"]
[Site "Daqing CHN"]
[Date "2019.06.20"]
[Round "2.3"]
[Board "3"]
[White "Peng, Xinbei"]
[Black "Liu, Xianglin"]
[Result "1/2-1/2"]
[WhiteElo "1699"]
[BlackElo "2188"]
[WhiteTeam "Guangdong"]
[BlackTeam "Beijing"]
[WhiteFideId "8607680"]
[BlackFideId "8602409"]
[EventDate "2019.06.19"]
[EventType "team"]

1. e4 c6 2. d4 d5 3. exd5 cxd5 4. Nf3 Nc6 5. c3 Nf6 6. Bd3 Bg4 7. h3 Bh5 8. Bf4
e6 9. Nbd2 Bd6 10. Bxd6 Qxd6 11. O-O O-O 12. Qa4 a6 13. a3 Nd7 14. Rfe1 b5 15.
Qc2 Bg6 16. Bxg6 hxg6 17. Nb3 a5 18. Qe2 a4 19. Nc1 Rab8 20. Nd3 Rfe8 21. Rad1
f6 22. Nh4 Nf8 23. Qg4 g5 24. Nf3 Ng6 25. h4 Nxh4 26. Nxh4 gxh4 27. Qxh4 Ne7 28.
Qg4 Kf7 29. Nf4 Nf5 30. Nxe6 Rxe6 31. Qxf5 Rbe8 1/2-1/2

[Event "CHN League Women 2019"]
[Site "Daqing CHN"]
[Date "2019.06.20"]
[Round "2.5"]
[Board "1"]
[White "Xiao, Yiyi"]
[Black "Hu, Yu A."]
[Result "0-1"]
[WhiteTitle "WFM"]
[WhiteElo "2356"]
[BlackElo "2073"]
[WhiteTeam "Tianjin"]
[BlackTeam "Heilongjiang"]
[WhiteFideId "8606161"]
[BlackFideId "8609993"]
[EventDate "2019.06.19"]
[EventType "team"]

1. d4 Nf6 2. c4 e6 3. Nf3 d5 4. Nc3 Nbd7 5. Bg5 Be7 6. e3 h6 7. Bh4 O-O 8. Qc2
c5 9. Rd1 Qa5 10. cxd5 Nxd5 11. Bxe7 Nxe7 12. Be2 cxd4 13. Rxd4 Nd5 14. Ra4 Qc7
15. Rc4 Qa5 16. O-O N7b6 17. Nxd5 Nxd5 18. Rc5 Qb6 19. Rd1 Bd7 20. Ne5 Ba4 21.
b3 Nb4 22. Qc4 Na6 23. Qxa4 Nxc5 24. Qf4 Rad8 25. Rd4 Rxd4 26. exd4 Qb4 27. Bf1
Na6 28. h3 Qe1 29. Qf3 Nb4 30. Qxb7 Nxa2 31. Nf3 Qb4 32. Qxa7 Qxb3 33. Ne5 Qb1
34. Qa6 Nc3 35. Kh2 Qe1 36. f3 Nd5 37. Bc4 Ne3 38. Qa2 Nxc4 39. Qxc4 Qa5 40. f4
Qd5 41. Qd3 Rd8 42. Nf3 Ra8 43. Qc3 Ra2 44. Kg3 Qe4 45. Nh4 Re2 46. Qc8+ Kh7 47.
Qc7 Qe3+ 48. Kh2 Qf2 49. Qe7 Qxf4+ 0-1

[Event "CHN League Women 2019"]
[Site "Daqing CHN"]
[Date "2019.06.20"]
[Round "2.6"]
[Board "1"]
[White "Qiu, Mengjie"]
[Black "Hu, Yue"]
[Result "1-0"]
[WhiteTitle "WIM"]
[WhiteElo "2199"]
[BlackElo "2034"]
[WhiteTeam "Zhejiang"]
[BlackTeam "Wuxi"]
[WhiteFideId "8606137"]
[BlackFideId "8610339"]
[EventDate "2019.06.19"]
[EventType "team"]

1. e4 c5 2. Nf3 d6 3. Bb5+ Bd7 4. Bxd7+ Qxd7 5. c4 Nc6 6. Nc3 g6 7. d4 cxd4 8.
Nxd4 Bg7 9. Be3 Ne5 10. b3 h5 11. h3 Nf6 12. Rc1 Bh6 13. Bxh6 Rxh6 14. f4 Nc6
15. O-O Qd8 16. Nxc6 bxc6 17. Qf3 Qb6+ 18. Rf2 O-O-O 19. c5 dxc5 20. Na4 Qb4 21.
Nxc5 Rd2 22. Rc4 Qa5 23. Nd3 Rxf2 24. Qxf2 Qb6 25. Ne5 Qxf2+ 26. Kxf2 Kb7 27.
Nxf7 Rh7 28. Nd8+ Kc7 29. Nxc6 Nxe4+ 30. Rxe4 Kxc6 31. Re6+ Kb5 32. Rxg6 a5 33.
a3 Rh8 34. Rg5+ Kb6 35. Re5 Rf8 36. g3 Rc8 37. Rxe7 Rc2+ 38. Re2 Rc3 39. Re3
Rc2+ 40. Kf3 Ra2 41. a4 Rb2 42. f5 1-0

[Event "CHN League Women 2019"]
[Site "Daqing CHN"]
[Date "2019.06.20"]
[Round "2.6"]
[Board "2"]
[White "Wang, Xuwen"]
[Black "Bai, Xue"]
[Result "1-0"]
[WhiteElo "1837"]
[BlackElo "2093"]
[WhiteTeam "Wuxi"]
[BlackTeam "Zhejiang"]
[WhiteFideId "8617848"]
[BlackFideId "8608717"]
[EventDate "2019.06.19"]
[EventType "team"]

1. e4 c5 2. Nf3 d6 3. d4 cxd4 4. Qxd4 Nc6 5. Bb5 Bd7 6. Bxc6 Bxc6 7. Nc3 Nf6 8.
Bg5 e6 9. Qd3 Be7 10. Nd4 Qb6 11. O-O-O Rd8 12. f4 h6 13. Bh4 a6 14. Kb1 Qc7 15.
Rhe1 O-O 16. Bf2 b5 17. Nxc6 Qxc6 18. a3 Nd7 19. g4 Nc5 20. Qh3 Rc8 21. Bh4 Bxh4
22. Qxh4 Na4 23. Rd3 d5 24. g5 hxg5 25. fxg5 Rfd8 26. Rh3 Kf8 27. exd5 Rxd5 28.
Qh8+ Ke7 29. Nxd5+ Kd6 30. Qxg7 Qxc2+ 31. Ka1 Kxd5 32. Qe5+ Kc6 33. Qe4+ Qxe4
34. Rxe4 Kd5 35. Re2 Rc1+ 36. Ka2 Rf1 37. Rd3+ Kc6 38. Rc2+ Kb7 39. h4 Nb6 40.
Rh3 Nd7 41. h5 Nf8 42. Rg2 1-0

[Event "CHN League Women 2019"]
[Site "Daqing CHN"]
[Date "2019.06.20"]
[Round "2.6"]
[Board "3"]
[White "Huang, Mofei"]
[Black "Chen, Yining"]
[Result "1-0"]
[BlackTitle "WCM"]
[WhiteElo "1993"]
[BlackElo "1677"]
[WhiteTeam "Zhejiang"]
[BlackTeam "Wuxi"]
[WhiteFideId "8609535"]
[BlackFideId "8620946"]
[EventDate "2019.06.19"]
[EventType "team"]

1. d4 Nf6 2. c4 e6 3. Nf3 d5 4. Nc3 dxc4 5. e3 a6 6. a4 c5 7. Bxc4 cxd4 8. exd4
Nc6 9. O-O Be7 10. b3 O-O 11. Bb2 Nb4 12. Qe2 Nbd5 13. Ne5 Bb4 14. Na2 Bd6 15.
Rfd1 b6 16. b4 Bb7 17. Qe1 Qe7 18. b5 axb5 19. Bxb5 Nc7 20. Nc3 Nxb5 21. Nxb5
Rfc8 22. Rdc1 Bd5 23. Nxd6 Qxd6 24. Ba3 Qd8 25. Qb4 Bb7 26. f3 Nd5 27. Qb3 Ba6
28. Rc6 f6 29. Rxe6 fxe5 30. Rd6 Qg5 31. Qxd5+ Kh8 32. Qxe5 Qxe5 33. dxe5 Bc4
34. Bb4 Re8 35. f4 Re6 36. Rad1 Kg8 37. Rd8+ Rxd8 38. Rxd8+ Kf7 39. Rf8+ Kg6 40.
f5+ 1-0

[Event "CHN League Women 2019"]
[Site "Daqing CHN"]
[Date "2019.06.20"]
[Round "2.7"]
[Board "1"]
[White "Kuang, Yinghui"]
[Black "Ren, Xiaoyi"]
[Result "0-1"]
[WhiteTitle "WIM"]
[WhiteElo "2200"]
[BlackElo "2255"]
[WhiteTeam "Shenzhen"]
[BlackTeam "Chengdu"]
[WhiteFideId "8600988"]
[BlackFideId "8608709"]
[EventDate "2019.06.19"]
[EventType "team"]

1. e4 c5 2. Nf3 d6 3. Bb5+ Bd7 4. Bxd7+ Qxd7 5. O-O Nf6 6. Re1 Nc6 7. d4 cxd4 8.
Nxd4 g6 9. Nc3 Nxd4 10. Qxd4 Bg7 11. Nd5 O-O 12. c3 Nxd5 13. Qxd5 Qc6 14. Bg5
Rfe8 15. Rad1 Rac8 16. Be3 a6 17. Bd4 Qxd5 18. exd5 Bxd4 19. Rxd4 Rc5 20. Kf1 b5
21. Ke2 Rec8 22. Kd3 R8c7 23. Ke4 e5 24. Rd2 f5+ 25. Kf3 Kf7 26. Ra1 Rc4 27. a3
a5 28. Ke2 Kf6 29. g3 a4 30. Rad1 g5 31. f3 h5 32. h3 Re7 33. Rf1 h4 34. Kf2
hxg3+ 35. Kxg3 Rh7 36. Rh2 Rch4 37. Rff2 Rf4 38. Rc2 e4 39. fxe4 Rxe4 40. Rce2
Rxe2 41. Rxe2 Re7 42. Rc2 Re3+ 43. Kg2 Ke5 44. c4 bxc4 45. Rxc4 Re2+ 46. Kg3
Rxb2 47. Rxa4 Rb3+ 48. Kg2 Kxd5 49. Ra8 Ke5 50. a4 Kf4 51. a5 Rb2+ 52. Kf1 Rb3
53. Kg2 Rg3+ 54. Kh2 Ra3 55. a6 Ra2+ 56. Kg1 Kg3 57. Kf1 Kxh3 58. a7 Kg4 0-1

[Event "CHN League Women 2019"]
[Site "Daqing CHN"]
[Date "2019.06.20"]
[Round "2.7"]
[Board "2"]
[White "Wei, Yaqing"]
[Black "Xu, Tong"]
[Result "0-1"]
[WhiteTitle "WCM"]
[BlackTitle "WIM"]
[WhiteElo "1612"]
[BlackElo "2131"]
[WhiteTeam "Chengdu"]
[BlackTeam "Shenzhen"]
[WhiteFideId "8616787"]
[BlackFideId "8601739"]
[EventDate "2019.06.19"]
[EventType "team"]

1. e4 c5 2. Nf3 d6 3. d4 cxd4 4. Nxd4 Nf6 5. Nc3 g6 6. Be3 Bg7 7. f3 Nc6 8. Qd2
O-O 9. O-O-O Nxd4 10. Bxd4 Be6 11. Kb1 a6 12. h4 b5 13. h5 b4 14. Nd5 Bxd5 15.
exd5 Qa5 16. hxg6 fxg6 17. Be3 Rf7 18. Bc4 Rc8 19. Be2 Qc7 20. Bxa6 Ra8 21. Bb5
Qa5 22. Bc4 Nd7 23. Bd4 Ne5 24. Bb3 Qb5 25. f4 Nd7 26. Bxg7 Rxg7 27. Qd3 Qa5 28.
Qc4 Nc5 29. Rd4 Rb8 30. f5 gxf5 31. g4 Nxb3 32. Qxb3 Qc5 33. Qd3 Ra8 34. Rc4 Qa7
35. Qb3 fxg4 36. Rxb4 g3 37. Rb6 g2 38. Rg1 Rf8 39. a3 Rf1+ 40. Ka2 Rxg1 41.
Rb8+ Qxb8 42. Qxb8+ Kf7 43. Qc8 Ra1+ 44. Kb3 Rg3+ 45. c3 g1=Q 0-1

[Event "CHN League Women 2019"]
[Site "Daqing CHN"]
[Date "2019.06.20"]
[Round "2.8"]
[Board "1"]
[White "Ning, Kaiyu"]
[Black "Zhou, Jingyi"]
[Result "1-0"]
[WhiteTitle "WFM"]
[WhiteElo "2306"]
[BlackElo "1630"]
[WhiteTeam "Shandong"]
[BlackTeam "Chongqing"]
[WhiteFideId "8614750"]
[BlackFideId "8615322"]
[EventDate "2019.06.19"]
[EventType "team"]

1. d4 Nf6 2. c4 e6 3. g3 Bb4+ 4. Bd2 Bxd2+ 5. Qxd2 d5 6. Bg2 O-O 7. Nf3 Ne4 8.
Qc2 c6 9. O-O f5 10. Nbd2 Qf6 11. e3 Nd7 12. b4 Qe7 13. b5 cxb5 14. cxd5 exd5
15. Qb3 Nb6 16. Qxb5 Bd7 17. Qa5 Qd6 18. Rfc1 Be6 19. Rab1 Rfb8 20. Bf1 Qd8 21.
Ne5 Nxd2 22. Qxd2 Nd7 23. Nd3 Nf6 24. f3 Qe7 25. Nc5 b6 26. Nd3 Rc8 27. Ne5 Nd7
28. Nxd7 Qxd7 29. Ba6 Rxc1+ 30. Qxc1 Rf8 31. Qc2 Qe7 32. Rb3 h5 33. Rc3 Rf7 34.
Kf2 h4 35. f4 g5 36. Bc8 hxg3+ 37. hxg3 gxf4 38. exf4 Bxc8 39. Rxc8+ Kg7 40. Qd1
Qe6 41. Qc1 Qe4 42. Qe3 Qxe3+ 43. Kxe3 Re7+ 44. Kd3 Kf6 45. Rf8+ Rf7 46. Rd8 Rg7
47. Rd6+ Ke7 48. Rxd5 Rxg3+ 49. Kc4 Kf6 50. a4 Rg4 51. Rd7 Rxf4 52. Rxa7 Re4 53.
Kd5 Re8 54. Rd7 f4 55. Rd6+ Kf5 56. Rxb6 f3 57. Rb1 Ra8 58. Ra1 Kf4 59. Kc5 f2
60. d5 Kf3 61. Kb5 Rb8+ 62. Kc6 Rb2 63. d6 Rc2+ 64. Kb7 Rd2 65. Kc7 Rc2+ 66. Kd8
Kg2 67. d7 Re2 68. a5 Re1 69. Ra2 Kg1 70. Rxf2 Kxf2 71. a6 Ra1 72. Ke8 Re1+ 73.
Kf8 Rd1 74. a7 Rxd7 75. a8=Q Rd2 76. Kf7 Re2 77. Kf6 Re3 78. Kf5 Rf3+ 79. Kg4
Re3 80. Kf4 Re2 81. Qh1 Rd2 82. Qh2+ Ke1 83. Qg1+ Ke2 84. Ke4 Rc2 85. Qg2+ Kd1
86. Qf1+ Kd2 87. Kd4 Rb2 88. Qf2+ Kc1 89. Qe1+ Kc2 90. Kc4 Rb8 91. Qe4+ Kd1 92.
Qh1+ 1-0

[Event "CHN League Women 2019"]
[Site "Daqing CHN"]
[Date "2019.06.20"]
[Round "2.8"]
[Board "2"]
[White "Huang, Qianyi"]
[Black "Yan, Tianqi"]
[Result "0-1"]
[WhiteElo "1298"]
[BlackElo "2036"]
[WhiteTeam "Chongqing"]
[BlackTeam "Shandong"]
[WhiteFideId "8625999"]
[BlackFideId "8615250"]
[EventDate "2019.06.19"]
[EventType "team"]

1. d4 Nf6 2. c4 e6 3. Nc3 Bb4 4. e3 O-O 5. Nf3 b6 6. Bd3 Bb7 7. O-O d5 8. Ne5
dxc4 9. Bxc4 Nbd7 10. f4 c5 11. a3 cxd4 12. exd4 Bxc3 13. bxc3 Rc8 14. Qe2 Qc7
15. Bd3 Qxc3 16. Bb2 Qc7 17. Rac1 Qd6 18. Nc4 Qd5 19. Ne3 Qh5 20. Qxh5 Nxh5 21.
Bb5 Nhf6 22. f5 Nb8 23. fxe6 fxe6 24. Bc4 Rfe8 25. Nf5 Rxc4 26. Nd6 Rxc1 27.
Rxc1 Re7 28. a4 Rd7 29. Ba3 h6 30. h3 Kh7 31. Kh2 Bc6 32. Rc4 Bd5 33. Rc1 Nc6 0-1

[Event "CHN League Women 2019"]
[Site "Daqing CHN"]
[Date "2019.06.21"]
[Round "3.1"]
[Board "1"]
[White "Gu, Tianlu"]
[Black "Ni, Shiqun"]
[Result "1/2-1/2"]
[WhiteTitle "WIM"]
[BlackTitle "WGM"]
[WhiteElo "2183"]
[BlackElo "2416"]
[WhiteTeam "Hangzhou"]
[BlackTeam "Shanghai"]
[WhiteFideId "8603995"]
[BlackFideId "8608466"]
[EventDate "2019.06.19"]
[EventType "team"]

1. e4 e6 2. d4 d5 3. Nd2 c5 4. Ngf3 cxd4 5. Nxd4 Nf6 6. exd5 Nxd5 7. N2b3 a6 8.
c4 Nf6 9. Be2 Bb4+ 10. Bd2 Bxd2+ 11. Qxd2 e5 12. Nf3 Qxd2+ 13. Nfxd2 Nc6 14. Bf3
Bd7 15. O-O O-O-O 16. Rfe1 Rhe8 17. h3 Kc7 18. a3 Bf5 19. Bxc6 Kxc6 20. Nf3 Be4
21. Ng5 Bg6 22. Nf3 Be4 23. Ng5 Bg6 24. Nf3 Be4 25. Ng5 1/2-1/2

[Event "CHN League Women 2019"]
[Site "Daqing CHN"]
[Date "2019.06.21"]
[Round "3.1"]
[Board "2"]
[White "Zhang, Xiaowen"]
[Black "Zhou, Zirun"]
[Result "1-0"]
[WhiteTitle "WGM"]
[WhiteElo "2314"]
[BlackElo "2141"]
[WhiteTeam "Shanghai"]
[BlackTeam "Hangzhou"]
[WhiteFideId "8603219"]
[BlackFideId "8610975"]
[EventDate "2019.06.19"]
[EventType "team"]

1. e4 e5 2. Nf3 Nc6 3. Bb5 a6 4. Ba4 Nf6 5. d3 b5 6. Bb3 Bc5 7. Nc3 d6 8. Nd5 h6
9. c3 O-O 10. Nxf6+ Qxf6 11. Bd5 Bd7 12. Rg1 h5 13. h3 Rab8 14. g4 hxg4 15. hxg4
Nd8 16. g5 Qg6 17. Nh4 Qh7 18. Rh1 g6 19. Qf3 Qg7 20. Nf5 gxf5 21. exf5 e4 22.
dxe4 Re8 23. Kd1 Re5 24. f6 Qg6 25. Rh6 Rxd5+ 26. exd5 Qf5 27. Qh1 Qg4+ 28. f3
Qg1+ 29. Qxg1 Bxg1 30. Bf4 b4 31. c4 b3 32. a3 Ne6 33. dxe6 fxe6 34. Kd2 Bd4 35.
Rg6+ 1-0

[Event "CHN League Women 2019"]
[Site "Daqing CHN"]
[Date "2019.06.21"]
[Round "3.1"]
[Board "3"]
[White "Zhao, Shengxin"]
[Black "Dai, Jiaying"]
[Result "1-0"]
[WhiteTitle "WFM"]
[WhiteElo "2135"]
[BlackElo "1599"]
[WhiteTeam "Hangzhou"]
[BlackTeam "Shanghai"]
[WhiteFideId "8608040"]
[BlackFideId "8626081"]
[EventDate "2019.06.19"]
[EventType "team"]

1. d4 d5 2. c4 e6 3. Nf3 Nf6 4. g3 Bb4+ 5. Bd2 Be7 6. Bg2 O-O 7. O-O c6 8. Qc2
Nbd7 9. Bf4 Nh5 10. Bc1 Nhf6 11. Nbd2 c5 12. Rd1 Qc7 13. e4 dxe4 14. Nxe4 Nxe4
15. Qxe4 Nf6 16. Qc2 Rd8 17. Bf4 Qb6 18. dxc5 Qxc5 19. Rxd8+ Bxd8 20. Rd1 Bc7
21. b4 Qe7 22. Be5 Ng4 23. Bxc7 Qxc7 24. Ng5 Nf6 25. Ne4 Nxe4 26. Qxe4 g6 27. c5
a5 28. c6 bxc6 29. Qxc6 Ra7 30. Qe8+ Kg7 31. Rd8 Ba6 32. Qh8+ Kh6 33. Qf8+ Kg5
34. h4+ Kf5 35. b5 Qc1+ 36. Kh2 Bxb5 37. Qd6 Qc4 38. g4+ Kf6 39. g5+ Kf5 40.
Bh3+ Ke4 41. f3+ Kxf3 42. Bg2+ Kg4 43. Qg3+ Kf5 44. Bh3+ Ke4 45. Rd2 e5 46. Qg2+
Kf4 47. Qf2+ Ke4 48. Bg2# 1-0

[Event "CHN League Women 2019"]
[Site "Daqing CHN"]
[Date "2019.06.21"]
[Round "3.2"]
[Board "1"]
[White "Shen, Yang"]
[Black "Liu, Manli"]
[Result "1/2-1/2"]
[WhiteTitle "IM"]
[WhiteElo "2419"]
[BlackElo "2159"]
[WhiteTeam "Jiangsu"]
[BlackTeam "Guangdong"]
[WhiteFideId "8603162"]
[BlackFideId "8608121"]
[EventDate "2019.06.19"]
[EventType "team"]

1. d4 Nf6 2. Nf3 d5 3. c4 e6 4. Nc3 Be7 5. Bf4 O-O 6. a3 c6 7. e3 Nbd7 8. c5 b6
9. b4 a5 10. Bd3 Bb7 11. O-O axb4 12. axb4 Qc8 13. Qe2 Nh5 14. h3 Nxf4 15. exf4
Bf6 16. Rac1 bxc5 17. bxc5 Ba6 18. Ne5 Bxd3 19. Qxd3 Qc7 20. Ra1 Rfb8 21. Rfb1
Rxb1+ 22. Qxb1 Rxa1 23. Qxa1 Bxe5 24. fxe5 Qb7 25. Qa4 g6 26. g3 Kg7 27. Kg2 h5
28. Ne2 Nb8 29. Nf4 Nd7 30. Qa5 Qb8 31. Qa6 Qc7 32. Nd3 Nb8 33. Qa8 Kh7 34. g4
hxg4 35. hxg4 Kg7 36. f4 Kh7 37. Kf3 Kg7 38. Nb4 Kh7 39. Nc2 Kg7 40. Ne3 Kh7 41.
Ke2 Kg7 42. Kd3 Kf8 43. Kc3 Ke7 44. Nc2 f5 45. Kd2 Kd8 46. Ne3 Kc8 47. Qa1 Qh7
48. Qg1 Na6 49. gxf5 gxf5 50. Kd3 1/2-1/2

[Event "CHN League Women 2019"]
[Site "Daqing CHN"]
[Date "2019.06.21"]
[Round "3.2"]
[Board "2"]
[White "Du, Yuxin"]
[Black "Zhang, Xiao"]
[Result "0-1"]
[WhiteElo "1973"]
[BlackElo "2234"]
[WhiteTeam "Guangdong"]
[BlackTeam "Jiangsu"]
[WhiteFideId "8610282"]
[BlackFideId "8610894"]
[EventDate "2019.06.19"]
[EventType "team"]

1. e4 c6 2. d4 d5 3. Nc3 g6 4. h4 h5 5. Be3 Nh6 6. Qd2 Bg7 7. O-O-O dxe4 8. Nxe4
Nf5 9. Nf3 a5 10. Neg5 O-O 11. Be2 Na6 12. Kb1 Nc7 13. c4 b5 14. Ne5 f6 15. Nxg6
fxg5 16. Nxf8 Qxf8 17. hxg5 Nxe3 18. Qxe3 Bf5+ 19. Ka1 bxc4 20. Bxc4+ Nd5 21.
Qf3 e6 22. Qxh5 Qb4 23. Bxd5 cxd5 24. a3 Bxd4 25. Rxd4 Qxd4 26. g6 Qg7 0-1

[Event "CHN League Women 2019"]
[Site "Daqing CHN"]
[Date "2019.06.21"]
[Round "3.2"]
[Board "3"]
[White "Zhang, Yuxuan"]
[Black "Peng, Xinbei"]
[Result "1-0"]
[WhiteElo "1977"]
[BlackElo "1699"]
[WhiteTeam "Jiangsu"]
[BlackTeam "Guangdong"]
[WhiteFideId "8610908"]
[BlackFideId "8607680"]
[EventDate "2019.06.19"]
[EventType "team"]

1. e4 e5 2. Nf3 Nc6 3. Bc4 Be7 4. c3 Nf6 5. d3 d6 6. Nbd2 O-O 7. Bb3 a6 8. Nf1
h6 9. Ng3 Re8 10. O-O Na5 11. Bc2 c5 12. h3 b5 13. Qe2 Rb8 14. Nh4 Bf8 15. Nhf5
Nc6 16. f4 Bxf5 17. Nxf5 exf4 18. Bxf4 Ne5 19. d4 cxd4 20. cxd4 Ng6 21. Bg3 Rc8
22. Bd3 Nh7 23. a4 bxa4 24. Bxa6 Rb8 25. Bb5 Re6 26. Bc4 Rf6 27. e5 dxe5 28.
dxe5 Rxf5 29. Rxf5 Qd4+ 30. Bf2 Qxb2 31. Qxb2 Rxb2 32. Bxf7+ Kh8 33. Bxg6 1-0